Statistics for Pokemon regional pokédex: Unova

Click here to take the quiz!

General Stats

  • This quiz has been taken 70 times
  • The average score is 230 of 301

Answer Stats

#Pokémon% Correct
0Victini
100%
8Dewott
97%
6Emboar
97%
7Oshawott
97%
14Pidove
97%
5Pignite
97%
9Samurott
97%
3Serperior
97%
2Servine
97%
1Snivy
97%
4Tepig
97%
300Genesect
94%
298Keldeo
94%
13Liepard
94%
22Lillipup
94%
10Patrat
94%
12Purrloin
94%
295Reshiram
94%
15Tranquill
94%
16Unfezant
94%
11Watchog
94%
128Archen
90%
129Archeops
90%
196Beartic
90%
69Boldore
90%
127Carracosta
90%
75Conkeldurr
90%
76Drilbur
90%
77Excadrill
90%
70Gigalith
90%
74Gurdurr
90%
23Herdier
90%
297Kyurem
90%
299Meloetta
90%
41Panpour
90%
37Pansage
90%
39Pansear
90%
68Roggenrola
90%
42Simipour
90%
38Simisage
90%
40Simisear
90%
24Stoutland
90%
226Terrakion
90%
73Timburr
90%
227Virizion
90%
296Zekrom
90%
225Cobalion
87%
197Cryogonal
87%
195Cubchoo
87%
159Deerling
87%
140Duosion
87%
180Frillish
87%
174Galvantula
87%
271Golett
87%
272Golurk
87%
181Jellicent
87%
173Joltik
87%
131Klang
87%
130Klink
87%
19Leavanny
87%
86Munna
87%
87Musharna
87%
141Reuniclus
87%
268Sawk
87%
160Sawsbuck
87%
17Sewaddle
87%
139Solosis
87%
18Swadloon
87%
267Throh
87%
199Thundurus
87%
126Tirtouga
87%
198Tornadus
87%
52Arcanine
84%
36Audino
84%
183Axew
84%
104Basculin
84%
262Beldum
84%
224Bisharp
84%
147Blitzle
84%
273Deino
84%
270Druddigon
84%
57Electabuzz
84%
58Electivire
84%
56Elekid
84%
144Emolga
84%
123Flygon
84%
184Fraxure
84%
136Gothita
84%
138Gothitelle
84%
137Gothorita
84%
51Growlithe
84%
185Haxorus
84%
275Hydreigon
84%
132Klinklang
84%
200Landorus
84%
34Lucario
84%
53Magby
84%
54Magmar
84%
55Magmortar
84%
264Metagross
84%
263Metang
84%
223Pawniard
84%
33Riolu
84%
45Scolipede
84%
67Swoobat
84%
121Trapinch
84%
177Tynamo
84%
256Vanillish
84%
257Vanilluxe
84%
43Venipede
84%
122Vibrava
84%
172Volcarona
84%
44Whirlipede
84%
66Woobat
84%
152Zoroark
84%
151Zorua
84%
274Zweilous
84%
192Chandelure
81%
63Crobat
81%
116Crustle
81%
103Darmanitan
81%
102Darumaka
81%
115Dwebble
81%
178Eelektrik
81%
179Eelektross
81%
91Eevee
81%
156Escavalier
81%
95Espeon
81%
175Ferroseed
81%
176Ferrothorn
81%
94Flareon
81%
98Glaceon
81%
62Golbat
81%
93Jolteon
81%
155Karrablast
81%
191Lampent
81%
171Larvesta
81%
97Leafeon
81%
190Litwick
81%
48Magnemite
81%
49Magneton
81%
50Magnezone
81%
119Maractus
81%
229Palpitoad
81%
118Scrafty
81%
117Scraggy
81%
230Seismitoad
81%
72Steelix
81%
228Tympole
81%
96Umbreon
81%
255Vanillite
81%
92Vaporeon
81%
148Zebstrika
81%
61Zubat
81%
182Alomomola
77%
27Ampharos
77%
189Beheeyem
77%
269Bouffalant
77%
188Elgyem
77%
26Flaaffy
77%
106Garbodor
77%
64Grimer
77%
46Koffing
77%
242Lapras
77%
112Mandibuzz
77%
25Mareep
77%
219Mienfoo
77%
220Mienshao
77%
65Muk
77%
71Onix
77%
157Shelmet
77%
105Trubbish
77%
111Vullaby
77%
47Weezing
77%
158Accelgor
74%
110Braviary
74%
125Cofagrigus
74%
82Cottonee
74%
153Ducklett
74%
161Foongus
74%
100Krokorok
74%
101Krookodile
74%
85Lilligant
74%
260Mamoswine
74%
234Mantine
74%
233Mantyke
74%
204Numel
74%
84Petilil
74%
259Piloswine
74%
109Rufflet
74%
99Sandile
74%
120Sigilyph
74%
154Swanna
74%
83Whimsicott
74%
124Yamask
74%
32Azumarill
71%
30Azurill
71%
149Buizel
71%
205Camerupt
71%
108Cinccino
71%
79Delcatty
71%
150Floatzel
71%
145Heracross
71%
292Larvitar
71%
31Marill
71%
107Minccino
71%
249Ninetales
71%
236Octillery
71%
146Pinsir
71%
293Pupitar
71%
60Raticate
71%
59Rattata
71%
235Remoraid
71%
78Skitty
71%
252Sneasel
71%
239Starmie
71%
238Staryu
71%
231Stunfisk
71%
21Sunflora
71%
20Sunkern
71%
258Swinub
71%
294Tyranitar
71%
248Vulpix
71%
240Wailmer
71%
253Weavile
71%
168Aggron
68%
162Amoonguss
68%
166Aron
68%
133Budew
68%
80Buneary
68%
90Clefable
68%
89Clefairy
68%
88Cleffa
68%
290Croagunk
68%
261Ditto
68%
221Gligar
68%
222Gliscor
68%
29Golduck
68%
167Lairon
68%
81Lopunny
68%
28Psyduck
68%
134Roselia
68%
135Roserade
68%
113Sandshrew
68%
114Sandslash
68%
217Tangela
68%
218Tangrowth
68%
291Toxicroak
68%
241Wailord
68%
237Corsola
65%
202Drapion
65%
194Durant
65%
193Heatmor
65%
214Lunatone
65%
201Skorupi
65%
215Solrock
65%
247Altaria
61%
211Banette
61%
142Combee
61%
209Drifblim
61%
208Drifloon
61%
210Shuppet
61%
246Swablu
61%
143Vespiquen
61%
216Absol
58%
169Baltoy
58%
170Claydol
58%
266Dewgong
58%
35Dunsparce
58%
281Igglybuff
58%
282Jigglypuff
58%
285Lickilicky
58%
284Lickitung
58%
213Pelipper
58%
265Seel
58%
203Skarmory
58%
283Wigglytuff
58%
212Wingull
58%
286Yanma
58%
287Yanmega
58%
163Castform
55%
207Grumpig
55%
244Sealeo
55%
243Spheal
55%
288Tropius
55%
245Walrein
55%
251Bronzong
52%
250Bronzor
52%
254Delibird
52%
164Nosepass
52%
165Probopass
52%
206Spoink
52%
289Carnivine
48%
187Seviper
48%
232Shuckle
48%
186Zangoose
48%
278Slaking
45%
276Slakoth
45%
277Vigoroth
45%
279Corphish
32%
280Crawdaunt
32%

Score Distribution

Percentile by Number Answered

Percent of People with Each Score

Your Score History

You have not taken this quiz